Pesti Futár. - 9.évf. (1916) 441. sz.

Elmentve itt :
Bibliográfiai részletek
Dokumentumtípus: Folyóirat
Megjelent: 1916
Sorozat:Pesti Futár : társadalmi és politikai lap 9 No. 441
Online Access:http://misc.bibl.u-szeged.hu/56336
LEADER 00478nas a2200133 i 4500
001 misc56336
005 20210910144403.0
008 200602s1916 hu o 0|| zxx d
040 |a SZTE Miscellanea Repozitórium  |b hun 
041 |a zxx 
245 0 0 |a Pesti Futár. - 9.évf. (1916) 441. sz.  |h [elektronikus dokumentum] 
260 |c 1916 
490 0 |a Pesti Futár : társadalmi és politikai lap  |v 9 No. 441 
856 4 0 |u http://misc.bibl.u-szeged.hu/56336/1/pesti_futar_1916_441.pdf  |z Dokumentum-elérés